Circular stapled haemorrhoidectomy versus milligan - morgan haemorrhoidectomy / (رقم التسجيلة. 2659)
[ عرض عادي ]
| 000 -LEADER | |
|---|---|
| fixed length control field | 018400000a22003490004500 |
| 003 - CONTROL NUMBER IDENTIFIER | |
| control field | EG-GICUC |
| 005 - DATE AND TIME OF LATEST TRANSACTION | |
| control field | 20250223024946.0 |
| 008 - FIXED-LENGTH DATA ELEMENTS--GENERAL INFORMATION | |
| fixed length control field | 061029s2006 ua a f m 000 0 eng d |
| 040 ## - CATALOGING SOURCE | |
| Original cataloging agency | EG-GICUC |
| Language of cataloging | eng |
| Transcribing agency | EG-GICUC |
| 041 0# - LANGUAGE CODE | |
| Language code of text/sound track or separate title | Eng |
| 049 ## - LOCAL HOLDINGS (OCLC) | |
| Holding library | Deposite |
| 097 ## - Thesis Degree | |
| Thesis Level | M.Sc |
| 099 ## - LOCAL FREE-TEXT CALL NUMBER (OCLC) | |
| Classification number | Cai01.11.14.M.Sc.2006.AH.C. |
| 100 0# - MAIN ENTRY--PERSONAL NAME | |
| Personal name | Ahmed Mohamed Syed Mohamed Marzouk |
| 245 10 - TITLE STATEMENT | |
| Title | Circular stapled haemorrhoidectomy versus milligan - morgan haemorrhoidectomy / |
| Statement of responsibility, etc. | Ahmed Mohamed Sayed Mohamed Marzouk ; supervised Elmoaty Hussein Aly , Moustafa Hussein Abdo |
| 246 15 - VARYING FORM OF TITLE | |
| Title proper/short title | دراسة مقارنة بين استخدام الدباسة الدائرية و عملية ميليجان مورجان فى استئصال البواسير الشرجية |
| 260 ## - PUBLICATION, DISTRIBUTION, ETC. | |
| Place of publication, distribution, etc. | Cairo : |
| Name of publisher, distributor, etc. | Ahmed Mohamed Sayed Mohamed Marzouk , |
| Date of publication, distribution, etc. | 2006 |
| 300 ## - PHYSICAL DESCRIPTION | |
| Extent | 141P : |
| Other physical details | ill ; |
| Dimensions | 25cm |
| 502 ## - DISSERTATION NOTE | |
| Dissertation note | Thesis (M.Sc.) - Cairo University - Faculty Of Medicine - Department Of General Surgery |
| 520 ## - SUMMARY, ETC. | |
| Summary, etc. | Hemorrhoids are a common conditionSurgical hemorrhoidectomy is the most effective treatment for hemorrhoidsIn 1998 , Longo introduced an alternative approach to conventional , hemorrhoidectomy by modifying the circular stapling deviceIn This study 2 groups of patients were treated by conventional Milligan - Morgan haemorrhoidectomy and stabled haemorrhoidectomy they were compared regarding post operative pain , bleeding , discharge , operative time and post operative stay |
| 530 ## - ADDITIONAL PHYSICAL FORM AVAILABLE NOTE | |
| Additional physical form available note | Issued also as CD |
| 653 #4 - INDEX TERM--UNCONTROLLED | |
| Uncontrolled term | Circular Stapled |
| 653 #4 - INDEX TERM--UNCONTROLLED | |
| Uncontrolled term | Haemorrhoidectomy |
| 653 #4 - INDEX TERM--UNCONTROLLED | |
| Uncontrolled term | Milligan - Morgan |
| 653 #4 - INDEX TERM--UNCONTROLLED | |
| Uncontrolled term | piles |
| 700 0# - ADDED ENTRY--PERSONAL NAME | |
| Personal name | Abdelmoaty Hussein Aly , |
| Relator term | |
| 700 0# - ADDED ENTRY--PERSONAL NAME | |
| Personal name | Moustafa Hussein Abdo , |
| Relator term | |
| 856 ## - ELECTRONIC LOCATION AND ACCESS | |
| Uniform Resource Identifier | <a href="http://172.23.153.220/th.pdf">http://172.23.153.220/th.pdf</a> |
| 905 ## - LOCAL DATA ELEMENT E, LDE (RLIN) | |
| Cataloger | Enas |
| Reviser | Cataloger |
| 905 ## - LOCAL DATA ELEMENT E, LDE (RLIN) | |
| Cataloger | Mustafa |
| Reviser | Revisor |
| 942 ## - ADDED ENTRY ELEMENTS (KOHA) | |
| Source of classification or shelving scheme | Dewey Decimal Classification |
| Koha item type | Thesis |
| Source of classification or shelving scheme | Not for loan | Home library | Current library | Date acquired | Full call number | Barcode | Date last seen | Koha item type | Copy number |
|---|---|---|---|---|---|---|---|---|---|
| Dewey Decimal Classification | المكتبة المركزبة الجديدة - جامعة القاهرة | قاعة الرسائل الجامعية - الدور الاول | 11.02.2024 | Cai01.11.14.M.Sc.2006.AH.C. | 01010110045444000 | 22.09.2023 | Thesis | ||
| Dewey Decimal Classification | المكتبة المركزبة الجديدة - جامعة القاهرة | مخـــزن الرســائل الجـــامعية - البدروم | 11.02.2024 | Cai01.11.14.M.Sc.2006.AH.C. | 01020110045444000 | 22.09.2023 | CD - Rom | 45444.CD |